Centesimus Annus-A New Socio-Economic order after the collapse of Marxism (Record no. 92377)
[ view plain ]
| 000 -LEADER | |
|---|---|
| fixed length control field | 00496nam a2200169Ia 4500 |
| 003 - CONTROL NUMBER IDENTIFIER | |
| control field | 0100 |
| 005 - DATE AND TIME OF LATEST TRANSACTION | |
| control field | 20190711150617.0 |
| 008 - FIXED-LENGTH DATA ELEMENTS--GENERAL INFORMATION | |
| fixed length control field | 130307s9999 xx 000 0 und d |
| 040 ## - CATALOGING SOURCE | |
| Transcribing agency | ARRUPELIB |
| 050 ## - LIBRARY OF CONGRESS CALL NUMBER | |
| Classification number | HD6339.J61 |
| 100 ## - MAIN ENTRY--PERSONAL NAME | |
| Personal name | Pope John Paul II |
| 9 (RLIN) | 46926 |
| 245 ## - TITLE STATEMENT | |
| Title | Centesimus Annus-A New Socio-Economic order after the collapse of Marxism |
| 245 ## - TITLE STATEMENT | |
| Remainder of title | Encyclical letter of Pope John Paul II-The 100th Anniversary of Rerum Novarum |
| 260 ## - PUBLICATION, DISTRIBUTION, ETC. (IMPRINT) | |
| Place of publication, distribution, etc | London |
| Name of publisher, distributor, etc | Catholic Truth Society |
| Date of publication, distribution, etc | 1984 |
| 300 ## - PHYSICAL DESCRIPTION | |
| Extent | 48p |
| 650 ## - SUBJECT ADDED ENTRY--TOPICAL TERM | |
| Topical term or geographic name as entry element | Cost and standard of living |
| General subdivision | Longitudinal studies |
| Geographic subdivision | United States |
| 9 (RLIN) | 46927 |
| 942 00 - ADDED ENTRY ELEMENTS (KOHA) | |
| Koha issues (borrowed), all copies | 1 |
| Source of classification or shelving scheme | Library of Congress Classification |
| Koha item type | Monograph ( Printed materials) |
| Withdrawn status | Lost status | Source of classification or shelving scheme | Damaged status | Not for loan | Collection code | Home library | Current library | Shelving location | Date acquired | Total Checkouts | Full call number | Barcode | Date last seen | Date checked out | Copy number | Price effective from | Koha item type |
|---|---|---|---|---|---|---|---|---|---|---|---|---|---|---|---|---|---|
| Library of Congress Classification | Main Collection | ARRUPE LIBRARY | ARRUPE LIBRARY | 07/03/2013 | 3 | HD6339.J61 | 46003045393 | 08/05/2018 | 26/06/2017 | 1 | 07/03/2013 | Monograph ( Printed materials) |